<?xml version="1.0" encoding="UTF-8"?>
<record
    xmlns:xsi="http://www.w3.org/2001/XMLSchema-instance"
    xsi:schemaLocation="http://www.loc.gov/MARC21/slim http://www.loc.gov/standards/marcxml/schema/MARC21slim.xsd"
    xmlns="http://www.loc.gov/MARC21/slim">

  <leader>00334nam a2200133Ia 4500</leader>
  <controlfield tag="008">191201s1960    xx            000 0 und d</controlfield>
  <datafield tag="082" ind1=" " ind2=" ">
    <subfield code="a">677.21</subfield>
    <subfield code="b">MEC</subfield>
  </datafield>
  <datafield tag="100" ind1=" " ind2=" ">
    <subfield code="a">MERRILL, Gilbert R</subfield>
  </datafield>
  <datafield tag="245" ind1=" " ind2="0">
    <subfield code="a">Cotton Opening and Picking</subfield>
  </datafield>
  <datafield tag="260" ind1=" " ind2=" ">
    <subfield code="a">N.Delhi</subfield>
    <subfield code="b">Varnum Ave Lowell, M</subfield>
    <subfield code="c">1960</subfield>
  </datafield>
  <datafield tag="300" ind1=" " ind2=" ">
    <subfield code="a">89</subfield>
  </datafield>
  <datafield tag="650" ind1=" " ind2=" ">
    <subfield code="a">B.Tech(TE)</subfield>
  </datafield>
  <datafield tag="942" ind1=" " ind2=" ">
    <subfield code="2">ddc</subfield>
    <subfield code="c">BK</subfield>
  </datafield>
  <datafield tag="999" ind1=" " ind2=" ">
    <subfield code="c">2254</subfield>
    <subfield code="d">2254</subfield>
  </datafield>
  <datafield tag="952" ind1=" " ind2=" ">
    <subfield code="0">0</subfield>
    <subfield code="1">0</subfield>
    <subfield code="2">ddc</subfield>
    <subfield code="4">0</subfield>
    <subfield code="7">0</subfield>
    <subfield code="8">BTECHTE</subfield>
    <subfield code="a">PIET</subfield>
    <subfield code="b">PIET</subfield>
    <subfield code="d">2006-08-26</subfield>
    <subfield code="e">Abhishek Publications</subfield>
    <subfield code="g">200.00</subfield>
    <subfield code="k">7986</subfield>
    <subfield code="l">1</subfield>
    <subfield code="o">677.21 MEC</subfield>
    <subfield code="p">4461</subfield>
    <subfield code="r">2022-10-04 00:00:00</subfield>
    <subfield code="s">2022-10-04</subfield>
    <subfield code="w">2006-06-10</subfield>
    <subfield code="y">BK</subfield>
  </datafield>
  <datafield tag="952" ind1=" " ind2=" ">
    <subfield code="0">0</subfield>
    <subfield code="1">0</subfield>
    <subfield code="2">ddc</subfield>
    <subfield code="4">0</subfield>
    <subfield code="7">0</subfield>
    <subfield code="8">BTECHTE</subfield>
    <subfield code="a">PIET</subfield>
    <subfield code="b">PIET</subfield>
    <subfield code="d">2006-08-26</subfield>
    <subfield code="e">Abhishek Publications</subfield>
    <subfield code="g">200.00</subfield>
    <subfield code="k">7986</subfield>
    <subfield code="l">0</subfield>
    <subfield code="o">677.21 MEC</subfield>
    <subfield code="p">4462</subfield>
    <subfield code="r">2019-12-04 00:00:00</subfield>
    <subfield code="w">2006-06-10</subfield>
    <subfield code="y">BK</subfield>
  </datafield>
  <datafield tag="952" ind1=" " ind2=" ">
    <subfield code="0">0</subfield>
    <subfield code="1">0</subfield>
    <subfield code="2">ddc</subfield>
    <subfield code="4">0</subfield>
    <subfield code="7">0</subfield>
    <subfield code="8">BTECHTE</subfield>
    <subfield code="a">PIET</subfield>
    <subfield code="b">PIET</subfield>
    <subfield code="d">2006-08-26</subfield>
    <subfield code="e">Abhishek Publications</subfield>
    <subfield code="g">200.00</subfield>
    <subfield code="k">7986</subfield>
    <subfield code="l">0</subfield>
    <subfield code="o">677.21 MEC</subfield>
    <subfield code="p">4463</subfield>
    <subfield code="r">2019-12-04 00:00:00</subfield>
    <subfield code="w">2006-06-10</subfield>
    <subfield code="y">BK</subfield>
  </datafield>
  <datafield tag="952" ind1=" " ind2=" ">
    <subfield code="0">0</subfield>
    <subfield code="1">0</subfield>
    <subfield code="2">ddc</subfield>
    <subfield code="4">0</subfield>
    <subfield code="7">0</subfield>
    <subfield code="8">BTECHTE</subfield>
    <subfield code="a">PIET</subfield>
    <subfield code="b">PIET</subfield>
    <subfield code="d">2006-08-26</subfield>
    <subfield code="e">Abhishek Publications</subfield>
    <subfield code="g">200.00</subfield>
    <subfield code="k">7986</subfield>
    <subfield code="l">0</subfield>
    <subfield code="o">677.21 MEC</subfield>
    <subfield code="p">4464</subfield>
    <subfield code="r">2019-12-04 00:00:00</subfield>
    <subfield code="w">2006-06-10</subfield>
    <subfield code="y">BK</subfield>
  </datafield>
  <datafield tag="952" ind1=" " ind2=" ">
    <subfield code="0">0</subfield>
    <subfield code="1">0</subfield>
    <subfield code="2">ddc</subfield>
    <subfield code="4">0</subfield>
    <subfield code="7">0</subfield>
    <subfield code="8">BTECHTE</subfield>
    <subfield code="a">PIET</subfield>
    <subfield code="b">PIET</subfield>
    <subfield code="d">2006-08-26</subfield>
    <subfield code="e">Abhishek Publications</subfield>
    <subfield code="g">200.00</subfield>
    <subfield code="k">7986</subfield>
    <subfield code="l">0</subfield>
    <subfield code="o">677.21 MEC</subfield>
    <subfield code="p">4465</subfield>
    <subfield code="r">2019-12-04 00:00:00</subfield>
    <subfield code="w">2006-06-10</subfield>
    <subfield code="y">BK</subfield>
  </datafield>
  <datafield tag="952" ind1=" " ind2=" ">
    <subfield code="0">0</subfield>
    <subfield code="1">0</subfield>
    <subfield code="2">ddc</subfield>
    <subfield code="4">0</subfield>
    <subfield code="7">0</subfield>
    <subfield code="8">BTECHTE</subfield>
    <subfield code="a">PIET</subfield>
    <subfield code="b">PIET</subfield>
    <subfield code="d">2006-08-29</subfield>
    <subfield code="e">Abhishek Publications</subfield>
    <subfield code="g">200.00</subfield>
    <subfield code="k">7986</subfield>
    <subfield code="l">0</subfield>
    <subfield code="o">677.21 MEC</subfield>
    <subfield code="p">4956</subfield>
    <subfield code="r">2019-12-04 00:00:00</subfield>
    <subfield code="w">2006-02-10</subfield>
    <subfield code="y">BK</subfield>
  </datafield>
  <datafield tag="952" ind1=" " ind2=" ">
    <subfield code="0">0</subfield>
    <subfield code="1">0</subfield>
    <subfield code="2">ddc</subfield>
    <subfield code="4">0</subfield>
    <subfield code="7">0</subfield>
    <subfield code="8">BTECHTE</subfield>
    <subfield code="a">PIET</subfield>
    <subfield code="b">PIET</subfield>
    <subfield code="d">2006-08-29</subfield>
    <subfield code="e">Abhishek Publications</subfield>
    <subfield code="g">200.00</subfield>
    <subfield code="k">7986</subfield>
    <subfield code="l">0</subfield>
    <subfield code="o">677.21 MEC</subfield>
    <subfield code="p">4957</subfield>
    <subfield code="r">2019-12-04 00:00:00</subfield>
    <subfield code="w">2006-02-10</subfield>
    <subfield code="y">BK</subfield>
  </datafield>
  <datafield tag="952" ind1=" " ind2=" ">
    <subfield code="0">0</subfield>
    <subfield code="1">0</subfield>
    <subfield code="2">ddc</subfield>
    <subfield code="4">0</subfield>
    <subfield code="7">0</subfield>
    <subfield code="8">BTECHTE</subfield>
    <subfield code="a">PIET</subfield>
    <subfield code="b">PIET</subfield>
    <subfield code="d">2006-08-29</subfield>
    <subfield code="e">Abhishek Publications</subfield>
    <subfield code="g">200.00</subfield>
    <subfield code="k">7986</subfield>
    <subfield code="l">0</subfield>
    <subfield code="o">677.21 MEC</subfield>
    <subfield code="p">4958</subfield>
    <subfield code="r">2019-12-04 00:00:00</subfield>
    <subfield code="w">2006-02-10</subfield>
    <subfield code="y">BK</subfield>
  </datafield>
</record>
